000 00878nam a2200265Ia 4500
003 OSt
005 20220923211301.0
006 a|||||r|||| 00| 0
007 ta
008 220922b |||||||| |||| 00| 0 hin d
020 _a9788179171257 (hbk)
_c500
024 _a285,019
037 _b25, 02/02/2015, P. K. Books
_cTextual
040 _aARTS
_cARTS
_bhin
041 _2hin
_ahin
082 _aV6.N7, 152Q3
100 _aफ्रेंज़ फेनॉन
_9156369
245 0 _aधरती के अभागे
246 _aDharatī ke abhāge
260 _aनई दिल्ली
_b ग्रंथ शिल्पी
_c2013
300 _a248पृ.
_ccm.
650 _aविश्व-इतिहास
942 _hV6.N7, 152Q3
_cTEXL
_2CC
999 _c298114
_d298114